Counsel on the Christian's problems / (Record no. 3471)

MARC details
000 -LEADER
fixed length control field 00623cam a2200229Ia 4500
001 - CONTROL NUMBER
control field 31908
003 - CONTROL NUMBER IDENTIFIER
control field GBCCL
005 - DATE AND TIME OF LATEST TRANSACTION
control field 20241126110455.0
008 - FIXED-LENGTH DATA ELEMENTS--GENERAL INFORMATION
fixed length control field 820114s1974 xx 000 0 eng d
035 ## - SYSTEM CONTROL NUMBER
System control number (OCoLC)08062496
040 ## - CATALOGING SOURCE
Original cataloging agency MSB
Transcribing agency MSB
049 ## -
-- LBBK
-- LBBA
082 ## - DEWEY DECIMAL CLASSIFICATION NUMBER
Classification number 253.5
Item number MOR
092 ## - LOCALLY ASSIGNED DEWEY CALL NUMBER (OCLC)
Item number M883
100 1# - MAIN ENTRY--PERSONAL NAME
Personal name Morrow, Ord L.
9 (RLIN) 7010
245 10 - TITLE STATEMENT
Title Counsel on the Christian's problems /
Statement of responsibility, etc. by Ord L. Morrow.
260 ## - PUBLICATION, DISTRIBUTION, ETC.
Place of publication, distribution, etc. Lincoln, Ne. :
Name of publisher, distributor, etc. Back to the Bible Broadcast,
Date of publication, distribution, etc. 1974.
300 ## - PHYSICAL DESCRIPTION
Extent 128 p. ;
Dimensions 17 cm.
650 #0 - SUBJECT ADDED ENTRY--TOPICAL TERM
Topical term or geographic name entry element Questions and answers.
9 (RLIN) 7011
650 #0 - SUBJECT ADDED ENTRY--TOPICAL TERM
Topical term or geographic name entry element Christian life.
9 (RLIN) 183
942 ## - ADDED ENTRY ELEMENTS (KOHA)
Source of classification or shelving scheme Dewey Decimal Classification
Koha item type Books
Koha issues (borrowed), all copies 5
Holdings
Withdrawn status Lost status Source of classification or shelving scheme Damaged status Not for loan Home library Current Library Shelving location Date acquired Total checkouts Full call number Barcode Date last seen Date last checked out Copy number Price effective from Koha item type
    Dewey Decimal Classification     GRACE BIBLE COLLEGE GRACE BIBLE COLLEGE Ministry & Mission 2017-11-28 5 253.5 MOR 000440 2025-05-01 2022-08-23 c.1 2017-11-28 Books
© Grace Bible College Library 2025